Laboratory text in organic chemistry
| Main Author: | |
|---|---|
| Format: | Section = Libro |
| Language: | Undetermined Spanish |
| Published: |
United Stated
Prentice Hall
1970
|
| Edition: | 3a. ed. |
| Subjects: |
| LEADER | 00613nam a2200241Ia 4500 | ||
|---|---|---|---|
| 008 | 240830s9999 xx 000 0 und d | ||
| 020 | |a 13-511435-1 | ||
| 040 | |a CEDOC FIQ-RUSB / 547 C341 | ||
| 041 | |a spa | ||
| 082 | |a 547 C341 | ||
| 100 | 1 | |a Cason, James | |
| 245 | 1 | 0 | |a Laboratory text in organic chemistry |
| 250 | |a 3a. ed. | ||
| 260 | |a United Stated |b Prentice Hall |c 1970 | ||
| 300 | |a 414 p. :il. | ||
| 650 | 7 | |a QUÍMICA ORGÁNICA | |
| 650 | 7 | |b CROMATOGRAFÍA DE GAS FASE | |
| 650 | 7 | |c DESTILACIÓN | |
| 650 | 7 | |d PIRIDINAS | |
| 650 | 7 | |e QUINONAS | |
| 942 | |c BK |2 ddc | ||
| 991 | |a TEXTO | ||
| 999 | |c 14006 | ||